Countries With The Most Palestinian Ancestry - Statistics

General Stats
  • This quiz has been taken 40 times
  • The average score is 18 of 23
Answer Stats
Total Country % Correct
635,000 Syria
100%
255,000 United States
100%
270,200 Egypt
97%
59,000 Iraq
97%
3,20 mil Jordan
97%
281,500 Saudi Arabia
97%
52,000 Canada
94%
402,800 Lebanon
94%
135,000 Argentina
86%
185,000 Brazil
83%
88,000 Kuwait
83%
113,500 Mexico
83%
95,000 Germany
80%
102,000 Qatar
80%
500,000 Chile
77%
120,000 Colombia
77%
71,000 Peru
74%
55,000 Yemen
74%
85,000 Venezuela
69%
136,000 El Salvador
51%
112,000 Nicaragua
51%
215,000 Guatemala
49%
260,000 Honduras
49%
No matching quizzes found
Score Distribution
Percent of People with Each Score
Percentile by Number Answered
Your Score History
You have not taken this quiz